00379nam a22001097a 4500008004100000040001700041041000700058100002800065245011800093260004800211300001000259130704t xxu||||| |||| 00| 0 eng d aBUACcCDIRSP aEn aAdjou- Moumouni, Basile aOn developing curriculum to train physicians according to needs of african countriesc / Basile, Adjou- Moumouni aGeneva : bWORLD HEALTH ORGANIZATION,c1972 a69 p.